000 00443nam a22001697a 4500
999 _c6152
_d6152
003 GBCCL
005 20241126110557.0
008 180502b ||||| |||| 00| 0 eng d
040 _cgbc
082 _a248.32
_bEVE
245 _aIn everything give thanks /
_cEdited by Homer Duncan
260 _aBombay:
_bOperation Mobilisation India
300 _a47 p.;
_c18 cm.
650 _aThanks giving
_911063
650 _aPrayer
_9332
942 _2ddc
_cBK